000 00487nam a2200181Ia 4500
005 20250508152558.0
008 008 250505s9999 xx 000 0 eng d
037 _aTextual
040 _aFEDL
_beng
_cFEDL
041 _aeng
_2eng
084 _a709.04, LAN
_qFEDL
100 _aLangui Emile
_9761850
245 0 _a50 years of modern art
260 _aLondon, UK
_bThames and Hudson
_c1959
300 _a335p
942 _cTEXL
_h709.04, LAN
999 _c1337373
_d1337373